| 000 | 00428nam a22001577a 4500 | ||
|---|---|---|---|
| 003 | OSt | ||
| 005 | 20251031101228.0 | ||
| 008 | 251031b |||||||| |||| 00| 0 eng d | ||
| 022 | _a0040-5639 | ||
| 100 | _aJohn Dadosky | ||
| 245 |
_aBLACKWOOD, JEREMY W.: _bAnd Hope Does Not Dissappoint |
||
| 260 |
_aUSA, _bSages Publications; _c2018 |
||
| 300 | _aP.201-202 | ||
| 440 |
_aTheological Studies _nNo.1 _vVol.79 |
||
| 942 |
_2lcc _cART |
||
| 999 |
_c205008 _d204968 |
||